Пайке припоем на железной основе - дорогу в производство и ремонтно-эксплуатационное хозяйство Москвы и России взамен сварки; Справочник. Инженерный журнал; № 2

Dades bibliogràfiques
Parent link:Справочник. Инженерный журнал: научно-технический и производственный журнал.— , 2000-.— 0203-347X
№ 2.— 2006.— С. 63-64
Autor principal: Петрунин И. Е.
Altres autors: Карабанов В. В.
Idioma:rus
Publicat: 2006
Col·lecció:Разная информация
Matèries:
Format: MixedMaterials Capítol de llibre
KOHA link:https://koha.lib.tpu.ru/cgi-bin/koha/opac-detail.pl?biblionumber=400297

MARC

LEADER 00000naa2a2200000 4500
001 400297
005 20231101065354.0
035 |a (RuTPU)RU\TPU\prd\42489 
090 |a 400297 
100 |a 20060406a2006 k y0rusy50 ca 
101 0 |a rus 
102 |a RU 
200 1 |a Пайке припоем на железной основе - дорогу в производство и ремонтно-эксплуатационное хозяйство Москвы и России взамен сварки  |f И. Е. Петрунин, В. В. Карабанов 
225 1 |a Разная информация 
461 0 |0 (RuTPU)RU\TPU\prd\1723  |x 0203-347X  |t Справочник. Инженерный журнал  |o научно-технический и производственный журнал  |d 2000- 
463 0 |0 (RuTPU)RU\TPU\prd\42110  |t № 2  |v С. 63-64  |d 2006 
610 1 |a пайка 
610 1 |a припой 
610 1 |a ремонтно-эксплуатационное хозяйство 
610 1 |a Москва 
610 1 |a сварка 
610 1 |a крупногабаритные стальные конструкции 
610 1 |a высокотемпературная индукционная пайка 
610 1 |a железная основа 
610 1 |a применение 
700 1 |a Петрунин  |b И. Е. 
701 1 |a Карабанов  |b В. В. 
801 1 |a RU  |b 63413507  |c 20060406  |g PSBO 
801 2 |a RU  |b 63413507  |c 20140117  |g RCR 
942 |c BK